000 00830nam a2200265Ia 4500
003 OSt
005 20220918222543.0
006 a|||||r|||| 00| 0
007 ta
008 220917b |||||||| |||| 00| 0 eng d
024 _a217,267
037 _cTextual
040 _aARTS
_cARTS
_beng
041 _2eng
_aeng
082 _aV1:19,(Z,1945).P, N8
100 _aCrickard Fred W. Ed.
_9143452
245 0 _aMultinational naval cooperation and foreign policy into the 21st Century
260 _aAldershot
_bAshgate
_c1998
300 _axxiv, 305 p
_ccm.
650 _aHISTORY
700 _a Mitchell Paul T. Ed.
_9143453
700 _a Orr Katherine Ed.
_9143454
942 _hV1:19,(Z,1945).P, N8
_cTEXL
_2CC
999 _c275856
_d275856